000 01118nam2a22002411 4500
001 rc\4558980
005 20250611194444.0
021 _aRU
_b[64-77441]
035 _a(NLR Aleph) 008368243
090 _a9041483
_c9041483
100 _a20130416d1964 |||y0rusy50 ca
101 0 _arus
102 _aRU
105 _aa z |||a|
200 1 _aСтихотворения
210 _d1964
_aБ. м.
215 _a695 с., 13 л. ил.
461 0 _1001rc\4558979
_12001#$aСобрание сочинений$eВ 4 т.$fПод ред. И.Л. Андроникова и Ю.Г. Оксмана$g[Вступ. статья и примеч. И.Л. Андроникова]. Т. 1-$vТ. 1
_1700#1$aЛермонтов$bМ. Ю.$f1814-1841$gМихаил Юрьевич$3RU\NLR\auth\77328
_99041479
_aЛермонтов, М. Ю. (поэт ; 1814-1841)
_cМосква
_d1964
_fПод ред. И.Л. Андроникова и Ю.Г. Оксмана
_nХудож. лит.
_oВ 4 т.
_tСобрание сочинений
_vТ. 1
801 0 _aRU
_bNLR
_gpsbo
801 1 _aRU
_bELAR
_2rusmarc
852 _aNLR
_j64-3/5973
942 _cBOOK
980 _aNB